History Quiz

Random History or Art Quiz

Missing Word: Edgar Degas A-Z Quiz Stats

 Plays Quiz not verified by Sporcle

Challenge
Share
Tweet
Embed
Score 0/24 Timer 03:00
0 Plays Today
Hint Answer % Correct
Woman Combing Her ___Hair
95.3%
Dead Fox Lying in the _____growthUnder
90.6%
Dancer in Her Dressing ___Room
87.5%
___ PortraitSelf
85.9%
Little Dancer of Fourteen ___Years
84.4%
Man and ___Woman
82.8%
Dancer with Raised ___Arms
76.6%
Study of a ___'s HeadGirl
70.3%
Eugene Manet (Brother to ___ Manet)Édouard
67.2%
Racehorses in ___ of the GrandstandFront
67.2%
Dancers, ___ and GreenPink
65.6%
The Cup of ___Tea
65.6%
Hint Answer % Correct
After the Bath ___X
64.1%
___ Cassatt at the LouvreMary
60.9%
Dancers ___ the StairsClimbing
57.8%
The Absinthe ___Drinker
56.3%
Horses and ___Jockeys
50%
___ Study of a DancerNude
46.9%
___ of NaplesView
46.9%
The ___ MasterBallet
43.8%
___ and MountainsLake
42.2%
Dancers in the Old ___ HouseOpera
39.1%
Laundry Girls ___Ironing
34.4%
___ DanseusesQuatre
29.7%

You're not logged in!

Compare scores with friends on all Sporcle quizzes.
Join for Free
OR
Log In

You Might Also Like...

Show Comments

Extras

Top Quizzes Today


Score Distribution

Your Account Isn't Verified!

In order to create a playlist on Sporcle, you need to verify the email address you used during registration. Go to your Sporcle Settings to finish the process.

Report this User

Report this user for behavior that violates our Community Guidelines.

Details: